Word Ladder: Sock Stuffers Quiz Stats

Quiz Updated Feb 1, 2016

Challenge
Share
Tweet
Embed
Score 0/30 Timer 03:00
2 Plays Today
Hint 4-Letter Word % Correct
● If the ____ fits ●● SHOE ●
96.7%
● What a hammer hits ●● NAIL ●
95.9%
Substance in an hourglassSAND
95.8%
Chimney residueSOOT
95.7%
Dog noiseBARK
95.3%
Liquor measurementSHOT
94%
What you do in a line or at a red lightWAIT
93.7%
UtteredSAID
93.6%
Villain's hideoutLAIR
93.5%
____! The Herald Angels SingHARK
93.2%
A witch's nose may sport oneWART
93.2%
Produced an eggLAID
93.2%
Of sound mindSANE
92.6%
Brand name in hair removalNAIR
92.2%
Banshee noiseWAIL
91.9%
Hint 4-Letter Word % Correct
ClassifySORT
91.5%
AchySORE
91.4%
HeapPILE
90%
In trig, opposite over hypotenuseSINE
87.4%
Beatles song: 'I ____ Fine'FEEL
87%
Group of horsesHERD
86.9%
It can precede candy, hat, or feelingsHARD
86.7%
Either end of a magnetPOLE
86.6%
● Uncovered ●● BARE ●
86%
● Command to a dog ●● HEEL ●
84.7%
Item for saleWARE
84.6%
● A single fish ●● SOLE ●
84.3%
Kirk portrayer in Star Trek Into DarknessPINE
83.2%
Pay attention toHEED
82.2%
● Common bond ●● FEET ●
56.6%

Today's Daily Dose

You're not logged in!

Compare scores with friends on all Sporcle quizzes.
Sign Up with Email
OR
Log In

You Might Also Like...

Show Comments

Extras

Top Quizzes Today


Score Distribution

Your Account Isn't Verified!

In order to create a playlist on Sporcle, you need to verify the email address you used during registration. Go to your Sporcle Settings to finish the process.